书目信息 |
| 题名: |
京剧下午茶
|
|
| 作者: | 徐城北 著 | |
| 分册: | ||
| 出版信息: | 杭州 浙江大学出版社 2009.10 |
|
| 页数: | 280页 | |
| 开本: | 20cm | |
| 丛书名: | ||
| 单 册: | ||
| 中图分类: | J821-49 | |
| 科图分类: | ||
| 主题词: | 京剧--jing ju--艺术--通俗读物 | |
| 电子资源: | ||
| ISBN: | 978-7-308-07034-8 | |
| 000 | 00748nam0 2200229 450 | |
| 001 | 012009828594 | |
| 005 | 20100601084105.50 | |
| 010 | @a978-7-308-07034-8@dCNY30.00 | |
| 100 | @a20100601d2009 em y0chiy0120 ea | |
| 101 | 0 | @achi |
| 102 | @aCN@b330000 | |
| 105 | @aa z 000yy | |
| 106 | @ar | |
| 200 | 1 | @a京剧下午茶@Ajing ju xia wu cha@f徐城北著@Fxu cheng bei zhu |
| 210 | @a杭州@c浙江大学出版社@d2009.10 | |
| 215 | @a280页@c图@d20cm | |
| 330 | @a本书主要内容:方桌圆坐不可以,东西南北各不同,瞎老太太挑女婿,甘心给奸臣当仆人,账桌上的银圆以及上场前的咳嗽等。 | |
| 606 | 0 | @a京剧@Ajing ju@x艺术@j通俗读物 |
| 690 | @aJ821-49@v4 | |
| 701 | 0 | @a徐城北@Axu cheng bei@4著 |
| 801 | 0 | @aCN@bQSSK@c20100601 |
| 905 | @b780306-08@dJ821-49@eX680@f3 | |
| 京剧下午茶/徐城北著.-杭州:浙江大学出版社,2009.10 |
| 280页:图;20cm |
| ISBN 978-7-308-07034-8:CNY30.00 |
| 本书主要内容:方桌圆坐不可以,东西南北各不同,瞎老太太挑女婿,甘心给奸臣当仆人,账桌上的银圆以及上场前的咳嗽等。 |
| ● |
| 相关链接 |
|
|
|
正题名:京剧下午茶
索取号:J821-49/X680
 
预约/预借
| 序号 | 登录号 | 条形码 | 馆藏地/架位号 | 状态 | 备注 |
| 1 | 780306 | 207803064 | 社科库309/309社科库 96排1列1层/ [索取号:J821-49/X680] | 在馆 | |
| 2 | 780307 | 207803073 | 社科库309/309社科库 96排1列1层/ [索取号:J821-49/X680] | 在馆 | |
| 3 | 780308 | 207803082 | 社科库309/309社科库 96排1列1层/ [索取号:J821-49/X680] | 在馆 |